MANAGEMENT INFORMATION SYSTEMS (Record no. 216359)
[ view plain ]
| 000 -LEADER | |
|---|---|
| fixed length control field | 00446nam a22001697a 4500 |
| 008 - FIXED-LENGTH DATA ELEMENTS--GENERAL INFORMATION | |
| fixed length control field | 251218b |||||||| |||| 00| 0 eng d |
| 020 ## - INTERNATIONAL STANDARD BOOK NUMBER | |
| International Standard Book Number | 978-81-203-4892-9 |
| 100 ## - MAIN ENTRY--PERSONAL NAME | |
| Personal name | SADAGOPAN, S. |
| 245 ## - TITLE STATEMENT | |
| Title | MANAGEMENT INFORMATION SYSTEMS |
| 250 ## - EDITION STATEMENT | |
| Edition statement | 2ND ED |
| 260 ## - PUBLICATION, DISTRIBUTION, ETC. | |
| Place of publication, distribution, etc. | DELHI |
| Name of publisher, distributor, etc. | PHI LEARNING |
| Date of publication, distribution, etc. | 2024 |
| 300 ## - PHYSICAL DESCRIPTION | |
| Extent | XV, 327P. |
| 500 ## - GENERAL NOTE | |
| General note | INCLUDES INDEX |
| 650 ## - SUBJECT ADDED ENTRY | |
| Topical term or geographic name entry element | 1. MANAGEMENT INFORMATION SYSTEMS |
| 942 ## - ADDED ENTRY ELEMENTS (KOHA) | |
| Source of classification or shelving scheme | Library of Congress Classification |
| Koha item type | Long Loan Book |
| Withdrawn status | Lost status | Source of classification or shelving scheme | Damaged status | Not for loan | Collection | Home library | Current library | Shelving location | Date acquired | Inventory number | Total checkouts | Full call number | Barcode | Date last seen | Copy number | Price effective from | Koha item type | Date due | Date last checked out |
|---|---|---|---|---|---|---|---|---|---|---|---|---|---|---|---|---|---|---|---|
| Library of Congress Classification | Science & Technology | Kisii University Library | Kisii University Library | On Display | 12/18/2025 | 110420 | T 58.6 .S23 2024 | 000000018403 | 12/18/2025 | C.1 | 12/18/2025 | Long Loan Book | |||||||
| Library of Congress Classification | Science & Technology | Kisii University Library | Kisii University Library | On Display | 12/18/2025 | 110421 | 1 | T 58.6 .S23 2024 | 000000018402 | 02/02/2026 | C.2 | 12/18/2025 | Long Loan Book | 05/03/2026 | 02/02/2026 | ||||
| Library of Congress Classification | Science & Technology | Kisii University Library | Kisii University Library | On Display | 12/18/2025 | 110422 | T 58.6 .S23 2024 | 000000018401 | 12/18/2025 | C.3 | 12/18/2025 | Long Loan Book | |||||||
| Library of Congress Classification | Science & Technology | Kisii University Library | Kisii University Library | On Display | 12/18/2025 | 110423 | T 58.6 .S23 2024 | 000000018400 | 12/18/2025 | C.4 | 12/18/2025 | Long Loan Book |